| 000 | 00398nam a22001697i 4500 | ||
|---|---|---|---|
| 001 | 2490 | ||
| 003 | OSt | ||
| 005 | 20170126082306.0 | ||
| 007 | tu | ||
| 008 | 161220s1986 xxu||||| |||| 00| 0 d | ||
| 024 | 7 |
_a2489 _2RID |
|
| 040 | _cOSt | ||
| 245 | 0 | 0 | _aData of the Hungarian 1984 Microcensus |
| 260 |
_aBudapest, _c1986. |
||
| 300 |
_a158 S. ; _c30cm. |
||
| 110 | 2 |
_aHungarian Central Statistical Office _eEd. |
|
| 942 | _cB | ||
| 999 |
_c2466 _d2466 |
||